| 000 | 01550nam a2200361Ia 4500 | ||
|---|---|---|---|
| 001 | ebr10408454 | ||
| 003 | CaPaEBR | ||
| 006 | m u | ||
| 007 | cr cn||||||||| | ||
| 008 | 100429s2010 dcu sb 001 0 eng d | ||
| 010 | _z 2010016657 | ||
| 020 | _z9780821384145 (alk. paper) | ||
| 020 | _z9780821384343 (electronic : alk. paper) | ||
| 040 |
_aCaPaEBR _cCaPaEBR |
||
| 035 | _a(OCoLC)659561175 | ||
| 050 | 1 | 4 |
_aHD1698.S6 _bB47 2010eb |
| 082 | 0 | 4 |
_a333.910096873 _222 |
| 245 | 0 | 0 |
_aBerg water project _h[electronic resource] : _bcommunication practices for governance and sustainability improvement / _cLawrence J.M. Haas ... [et al.]. |
| 260 |
_aWashington, D.C. : _bWorld Bank, _cc2010. |
||
| 300 | _axiii, 116 p. | ||
| 490 | 1 |
_aWorld Bank working paper ; _vno. 199 |
|
| 504 | _aIncludes bibliographical references and index. | ||
| 533 |
_aElectronic reproduction. _bPalo Alto, Calif. : _cebrary, _d2011. _nAvailable via World Wide Web. _nAccess may be limited to ebrary affiliated libraries. |
||
| 650 | 0 |
_aWater-supply _zSouth Africa _zWestern Cape _xManagement. |
|
| 650 | 0 |
_aWater resources development _zSouth Africa _zWestern Cape. |
|
| 650 | 0 |
_aIntegrated water development _zSouth Africa _zWestern Cape. |
|
| 655 | 7 |
_aElectronic books. _2local |
|
| 700 | 1 | _aHaas, Lawrence J. M. | |
| 710 | 2 | _aWorld Bank. | |
| 710 | 2 | _aebrary, Inc. | |
| 830 | 0 |
_aWorld Bank working paper ; _vno. 199. |
|
| 856 | 4 | 0 |
_uhttp://site.ebrary.com/lib/rucke/Doc?id=10408454 _zAn electronic book accessible through the World Wide Web; click to view |
| 999 |
_c80235 _d80235 |
||